Národná suverenita fiškálnych rozpočtov

Riešenie dlhového problému na starom kontinente. Prognózy medzinárodných finančných inštitúcií. Verejné dlhy eurozóny a ich znižovanie. Bruselský summit a prijate opatrení v oblasti dohľadu nad budúcimi národnými rozpočtami členských štátov eurozóny.

Gespeichert in:
Bibliographische Detailangaben
1. Verfasser: Hölcz, Róbert
Format: Buchkapitel
Sprache:Slowakisch
Schlagworte:
Tags: Tag hinzufügen
Keine Tags, Fügen Sie das erste Tag hinzu!

MARC

LEADER 00000naa a2200000 4500
001 0148027
005 20231006124602.3
041 0 |a slo 
044 |a SK 
245 1 0 |a Národná suverenita fiškálnych rozpočtov  |c Róbert Hölcz 
520 |a Riešenie dlhového problému na starom kontinente. Prognózy medzinárodných finančných inštitúcií. Verejné dlhy eurozóny a ich znižovanie. Bruselský summit a prijate opatrení v oblasti dohľadu nad budúcimi národnými rozpočtami členských štátov eurozóny. 
610 2 0 |a Európska únia 
610 2 0 |a eurozóna 
610 2 0 |a dlhy verejné 
610 2 0 |a politika rozpočtová 
610 2 0 |a rozpočet štátny 
610 2 0 |a politika fiškálna 
610 2 0 |a spolupráca medzinárodná 
100 1 |a Hölcz, Róbert